banner koha

Desempenho e caracteristicas da enxada rotativa com rotacao avante e reversa [equipamento rural, Brasil] (Registro n. 316316)

MARC details
000 -LÍDER
campo de controle de tamanho fixo 01116naa a22002897a 4500
001 - NÚMERO DE CONTROLE
campo de controle BR8305561
003 - IDENTIFICADOR DO NÚMERO DE CONTROLE
campo de controle BR-BrBNA
005 - DATA E HORÁRIO DA ÚLTIMA TRANSAÇÃO
campo de controle 20240918175348.0
007 - CAMPO FIXO DE DESCRIÇÃO FÍSICA--INFORMAÇÃO GERAL
campo de controle de tamanho fixo ta
008 - CAMPO DE DADOS FIXOS--INFORMAÇÃO GERAL
campo de controle de tamanho fixo 230509b bl.||||| |||| 00| 0 por d
040 ## - FONTE DA CATALOGAÇÃO
Instituição da catalogação original BR-BrBNA
Idioma da catalogação por
Instituição que transcreveu o registro Biblioteca Nacional de Agricultura
041 ## - CÓDIGO DE IDIOMA
Código do idioma do texto/trilha sonora ou título diferente (Pt)
072 ## - CÓDIGO DE CATEGORIA DE ASSUNTO
Código de Categoria de Assunto N20
Código do objeto /G514
090 ## - NÚMERO DE CHAMADA LOCAL
Número de chamada N20 BR8305561
100 1# - ENTRADA PRINCIPAL--NOME PESSOAL
Nome pessoal Chang, C.S.
100 1# - ENTRADA PRINCIPAL--NOME PESSOAL
Nome pessoal Ferraz, A.C. de O.
100 1# - ENTRADA PRINCIPAL--NOME PESSOAL
Nome pessoal Magalhaes, P.S.G.
100 1# - ENTRADA PRINCIPAL--NOME PESSOAL
Nome pessoal Sverzut, C.B.
111 1# - ENTRADA PRINCIPAL--NOME DO EVENTO
Nome do evento ou lugar 11. Congresso Brasileiro de Engenharia Agricola
Local do evento Brasilia, DF (Brazil)
Data do evento ou assinatura do tratado 22-27 Jun 1981
245 1# - TÍTULO
Título Desempenho e caracteristicas da enxada rotativa com rotacao avante e reversa [equipamento rural, Brasil]
260 3# - PUBLICAÇÃO, DISTRIBUIÇÃO, ETC.
Local de publicação, distribuição, etc. Brasilia, DF (Brasil):
Data da publicação, distribuição, etc. 1983.
500 ## - NOTA GERAL
Nota geral Anais do 11. Congresso Brasileiro de Engenharia Agricola, v. 3<br/>Brasilia, DF (Brasil): 1983. p. 1543-1551<br/>(BR8305561-AM)N20<br/>
650 ## - ASSUNTO--TERMO TÓPICO
Cabeçalho tópico ou nome geográfico ENXADA ROTATIVA
773 0# - ENTRADA ANALÍTICA
Título Anais do 11. Congresso Brasileiro de Engenharia Agricola, v. 3
Número de controle do registro N20 BR8305561
Partes relacionadas Brasilia, DF (Brasil), 1983. p. 1543-1551
909 ## -
-- 202404
-- Lucia
-- 55
-- Lucia Elande
942 ## - ELEMENTOS DE ENTRADA ADICIONADOS (KOHA)
Tipo de material Koha Capítulo-Livro
Fonte da classificação ou esquema de arquivamento na estante Classificação AGRIS
Exemplares
Situação do descarte Fonte da classificação ou esquema de arquivamento na estante Situação física Não pode ser emprestado Coleção Biblioteca de origem Biblioteca atual Localização na estante Total de empréstimos Número de telefone completo Data de último acesso Número do exemplar Tipo de material Koha Situação das perdas Data de aquisição Fonte de aquisição
  Classificação AGRIS       Biblioteca Nacional de Agricultura - Binagri Biblioteca Nacional de Agricultura - Binagri Agrobase - Acervo Geral   5300 BR2017002861 20/05/2024 01 Capítulo-Livro   2024-04-11 Portaria Interministerial nº 164/94

BINAGRI

Telefone: (61)3218-2567/2388/3357/2097 - binagri@agro.gov.br

Ministério da Agricultura e Pecuária , Esplanada dos Ministérios, Bloco D, Anexo B, Brasília/DF, CEP: 70.043-900